[Event "EYCC 2024 - G18"]
[Site "?"]
[Date "2024.08.26"]
[Round "4.1"]
[White "Diasamidze, Lulu"]
[Black "Zelbova, Lada"]
[Result "0-1"]
[BlackElo "1983"]
[WhiteElo "1905"]
[LiveChessVersion "1.4.8"]

1. e4 {[%clk 1:30:58]} c5 {[%clk 1:30:53]} 2. Nf3 {[%clk 1:31:17]} d6
{[%clk 1:31:14]} 3. d4 {[%clk 1:31:42]} cxd4 {[%clk 1:31:37]} 4. Nxd4
{[%clk 1:32:09]} Nf6 {[%clk 1:31:47]} 5. Nc3 {[%clk 1:32:26]} a6 {[%clk 1:32:11]}
6. h3 {[%clk 1:32:52]} e5 {[%clk 1:32:26]} 7. Nb3 {[%clk 1:33:16]} Be6
{[%clk 1:31:42]} 8. f4 {[%clk 1:33:40]} Qc7 {[%clk 1:31:39]} 9. Be2
{[%clk 1:30:11]} Nbd7 {[%clk 1:31:14]} 10. O-O {[%clk 1:28:52]} Be7
{[%clk 1:25:56]} 11. Be3 {[%clk 1:19:11]} exf4 {[%clk 1:18:30]} 12. Bxf4
{[%clk 1:15:44]} Ne5 {[%clk 1:16:59]} 13. Nd5 {[%clk 1:12:42]} Bxd5
{[%clk 1:15:32]} 14. exd5 {[%clk 1:12:50]} O-O {[%clk 1:10:39]} 15. a4
{[%clk 1:07:31]} Rfc8 {[%clk 1:08:02]} 16. Bxe5 {[%clk 1:02:11]} dxe5
{[%clk 1:07:14]} 17. c4 {[%clk 1:02:03]} Qb6+ {[%clk 0:53:18]} 18. Kh2
{[%clk 1:00:56]} Bd6 {[%clk 0:51:08]} 19. a5 {[%clk 0:59:13]} e4+
{[%clk 0:48:40]} 20. g3 {[%clk 0:55:39]} Qe3 {[%clk 0:48:18]} 21. Rg1
{[%clk 0:55:41]} h5 {[%clk 0:40:22]} 22. Nd2 {[%clk 0:49:02]} h4 {[%clk 0:36:06]}
23. Nf1 {[%clk 0:49:02]} hxg3+ {[%clk 0:34:49]} 24. Nxg3 {[%clk 0:49:15]} Qf2+
{[%clk 0:29:40]} 25. Rg2 {[%clk 0:49:38]} Bxg3+ {[%clk 0:29:11]} 26. Kh1
{[%clk 0:50:05]} Qf4 {[%clk 0:28:52]} 27. Qg1 {[%clk 0:50:17]} Bh4
{[%clk 0:28:24]} 28. Rxg7+ {[%clk 0:47:15]} Kf8 {[%clk 0:28:46]} 29. Rf1
{[%clk 0:43:45]} Qh6 {[%clk 0:28:59]} 30. Rg2 {[%clk 0:43:37]} e3
{[%clk 0:27:25]} 31. Qh2 {[%clk 0:43:16]} Ne4 {[%clk 0:26:29]} 32. Qf4
{[%clk 0:39:00]} Qxf4 {[%clk 0:25:52]} 33. Rxf4 {[%clk 0:39:25]} Nf2+
{[%clk 0:24:54]} 34. Kh2 {[%clk 0:39:35]} Be7 {[%clk 0:24:30]} 35. Rfxf2
{[%clk 0:37:25]} Bd6+ {[%clk 0:23:46]} 36. Kh1 {[%clk 0:37:50]} exf2
{[%clk 0:23:55]} 37. Rxf2 {[%clk 0:38:18]} Ke7 {[%clk 0:22:24]} 38. Bh5
{[%clk 0:38:21]} f6 {[%clk 0:22:06]} 39. Re2+ {[%clk 0:38:31]} Be5
{[%clk 0:21:13]} 40. b3 {[%clk 0:38:46]} Kd6 {[%clk 0:21:04]} 41. Bf7
{[%clk 0:38:59]} Kc5 {[%clk 0:19:36]} 42. Be6 {[%clk 0:39:15]} Rd8
{[%clk 0:19:24]} 43. Rg2 {[%clk 0:38:13]} Rab8 {[%clk 0:17:56]} 44. Re2
{[%clk 0:38:22]} b5 {[%clk 0:17:01]} 45. axb6 {[%clk 0:38:28]} Rxb6
{[%clk 0:17:00]} 46. Ra2 {[%clk 0:38:46]} Rxb3 {[%clk 0:14:39]} 47. Rxa6
{[%clk 0:38:20]} Rb2 {[%clk 0:14:12]} 48. Rc6+ {[%clk 0:37:20]} Kd4
{[%clk 0:13:57]} 49. Ra6 {[%clk 0:35:53]} Rdb8 {[%clk 0:13:34]} 0-1

[Event "EYCC 2024 - G18"]
[Site "?"]
[Date "2024.08.26"]
[Round "4.2"]
[White "Vasylchuk, Diana"]
[Black "Lindstad, Livia"]
[Result "1-0"]
[BlackElo "1886"]
[WhiteElo "1983"]
[LiveChessVersion "1.4.8"]

1. e4 {[%clk 1:30:57]} c5 {[%clk 1:30:45]} 2. Nc3 {[%clk 1:31:13]} e6
{[%clk 1:30:44]} 3. g3 {[%clk 1:31:27]} Nc6 {[%clk 1:29:25]} 4. Bg2
{[%clk 1:28:14]} Be7 {[%clk 1:27:53]} 5. Nge2 {[%clk 1:27:10]} Qc7
{[%clk 1:26:07]} 6. f4 {[%clk 1:25:02]} d6 {[%clk 1:23:41]} 7. O-O
{[%clk 1:23:38]} Nf6 {[%clk 1:22:20]} 8. d3 {[%clk 1:19:54]} a6 {[%clk 1:17:56]}
9. h3 {[%clk 1:10:31]} b5 {[%clk 1:09:42]} 10. Qe1 {[%clk 1:04:28]} Bb7
{[%clk 1:07:05]} 11. Be3 {[%clk 0:56:50]} Nb4 {[%clk 1:04:22]} 12. Rc1
{[%clk 0:54:39]} Rd8 {[%clk 0:57:53]} 13. a3 {[%clk 0:53:26]} Nc6
{[%clk 0:58:15]} 14. Qf2 {[%clk 0:52:36]} b4 {[%clk 0:55:10]} 15. Nb1
{[%clk 0:46:15]} a5 {[%clk 0:44:14]} 16. Nd2 {[%clk 0:38:57]} Ba6
{[%clk 0:39:11]} 17. g4 {[%clk 0:38:14]} Nd7 {[%clk 0:35:33]} 18. g5
{[%clk 0:32:44]} Nf8 {[%clk 0:24:48]} 19. f5 {[%clk 0:28:43]} f6 {[%clk 0:23:34]}
20. Qh4 {[%clk 0:26:57]} fxg5 {[%clk 0:22:14]} 21. Qh5+ {[%clk 0:25:24]} g6
{[%clk 0:16:55]} 22. fxg6 {[%clk 0:25:47]} Nxg6 {[%clk 0:17:13]} 23. h4
{[%clk 0:24:27]} Nce5 {[%clk 0:13:53]} 24. hxg5 {[%clk 0:23:44]} Kd7
{[%clk 0:10:44]} 25. axb4 {[%clk 0:23:56]} axb4 {[%clk 0:11:01]} 26. Ra1
{[%clk 0:23:09]} Bb5 {[%clk 0:11:17]} 27. Bh3 {[%clk 0:21:39]} Rde8
{[%clk 0:10:46]} 28. Bxe6+ {[%clk 0:21:21]} Kc6 {[%clk 0:10:56]} 29. d4
{[%clk 0:18:27]} Nd7 {[%clk 0:08:13]} 30. Rf7 {[%clk 0:14:56]} Kb6
{[%clk 0:06:23]} 31. Bc4 {[%clk 0:10:48]} Ra8 {[%clk 0:04:49]} 32. Rxa8
{[%clk 0:08:59]} Rxa8 {[%clk 0:05:17]} 33. Qxh7 {[%clk 0:07:57]} Ndf8
{[%clk 0:05:31]} 34. Qh3 {[%clk 0:07:33]} Qa7 {[%clk 0:05:10]} 35. dxc5+
{[%clk 0:06:32]} dxc5 {[%clk 0:05:20]} 36. Qf1 {[%clk 0:06:42]} Qa6
{[%clk 0:04:52]} 37. Bxb5 {[%clk 0:06:52]} Qxb5 {[%clk 0:05:04]} 38. Nf4
{[%clk 0:06:37]} Nxf4 {[%clk 0:03:00]} 39. Qxb5+ {[%clk 0:06:57]} Kxb5
{[%clk 0:03:29]} 40. Bxf4 {[%clk 0:07:10]} Ng6 {[%clk 0:03:44]} 41. Be3
{[%clk 0:07:16]} Ra7 {[%clk 0:02:31]} 42. Rf5 {[%clk 0:06:49]} Ra2
{[%clk 0:01:58]} 43. Nb3 {[%clk 0:06:57]} Rxb2 {[%clk 0:01:29]} 44. Bxc5
{[%clk 0:07:21]} Nh4 {[%clk 0:01:12]} 45. Bxe7+ {[%clk 0:06:38]} Nxf5
{[%clk 0:01:41]} 46. exf5 {[%clk 0:07:02]} Kc6 {[%clk 0:00:42]} 47. g6
{[%clk 0:07:14]} Ra2 {[%clk 0:00:43]} 48. g7 {[%clk 0:07:36]} Ra8
{[%clk 0:01:09]} 49. Bf8 {[%clk 0:08:02]} Ra2 {[%clk 0:00:45]} 50. g8=Q
{[%clk 0:08:15]} Kb6 {[%clk 0:01:02]} 51. Bc5+ {[%clk 0:08:33]} Kb7
{[%clk 0:01:13]} 52. Qf7+ {[%clk 0:08:49]} 1-0

[Event "EYCC 2024 - G18"]
[Site "?"]
[Date "2024.08.26"]
[Round "4.3"]
[White "Pawicka, Magdalena"]
[Black "Trasakova, Adela"]
[Result "1-0"]
[BlackElo "1853"]
[WhiteElo "1977"]
[LiveChessVersion "1.4.8"]

1. e4 {[%clk 1:30:58]} c6 {[%clk 1:30:59]} 2. Nf3 {[%clk 1:31:02]} d5
{[%clk 1:31:24]} 3. d3 {[%clk 1:31:27]} dxe4 {[%clk 1:31:06]} 4. dxe4
{[%clk 1:31:29]} Qxd1+ {[%clk 1:31:30]} 5. Kxd1 {[%clk 1:31:56]} Bg4
{[%clk 1:31:09]} 6. Be2 {[%clk 1:32:20]} Nd7 {[%clk 1:30:14]} 7. Ne1
{[%clk 1:32:35]} Bxe2+ {[%clk 1:27:09]} 8. Kxe2 {[%clk 1:33:01]} e6
{[%clk 1:26:45]} 9. Nd3 {[%clk 1:27:05]} Nc5 {[%clk 1:23:17]} 10. f3
{[%clk 1:23:23]} Nxd3 {[%clk 1:19:08]} 11. cxd3 {[%clk 1:21:03]} Bc5
{[%clk 1:19:08]} 12. Nd2 {[%clk 1:15:50]} e5 {[%clk 1:11:15]} 13. Nc4
{[%clk 1:05:31]} f6 {[%clk 1:08:25]} 14. f4 {[%clk 1:04:06]} exf4
{[%clk 1:02:07]} 15. Bxf4 {[%clk 1:03:52]} O-O-O {[%clk 1:01:28]} 16. Rab1
{[%clk 0:51:56]} g5 {[%clk 0:34:51]} 17. Bg3 {[%clk 0:51:15]} Nh6
{[%clk 0:33:15]} 18. b4 {[%clk 0:50:05]} Be7 {[%clk 0:32:51]} 19. Rhc1
{[%clk 0:43:08]} b6 {[%clk 0:28:00]} 20. Ne5 {[%clk 0:36:14]} fxe5
{[%clk 0:25:45]} 21. Rxc6+ {[%clk 0:36:39]} Kd7 {[%clk 0:25:44]} 22. Rxh6
{[%clk 0:36:54]} Rc8 {[%clk 0:22:50]} 23. Rb2 {[%clk 0:31:54]} Bd6
{[%clk 0:22:48]} 24. d4 {[%clk 0:30:05]} Bf8 {[%clk 0:21:45]} 25. Rh5
{[%clk 0:29:28]} exd4 {[%clk 0:19:50]} 26. Be5 {[%clk 0:28:39]} Rg8
{[%clk 0:20:16]} 27. Rxh7+ {[%clk 0:28:46]} Ke6 {[%clk 0:20:35]} 28. Bxd4
{[%clk 0:28:40]} Rc4 {[%clk 0:16:10]} 29. Kd3 {[%clk 0:28:45]} b5
{[%clk 0:16:27]} 30. Rc2 {[%clk 0:24:04]} Rxc2 {[%clk 0:11:11]} 31. Kxc2
{[%clk 0:24:29]} Bxb4 {[%clk 0:11:22]} 32. Rxa7 {[%clk 0:24:09]} Rc8+
{[%clk 0:10:40]} 33. Kb3 {[%clk 0:24:07]} Bd2 {[%clk 0:10:14]} 34. Ra6+
{[%clk 0:24:03]} Kf7 {[%clk 0:09:29]} 35. e5 {[%clk 0:23:17]} Rc4
{[%clk 0:07:52]} 36. e6+ {[%clk 0:18:28]} Ke7 {[%clk 0:06:36]} 37. Be5
{[%clk 0:11:49]} Bf4 {[%clk 0:03:25]} 38. Bxf4 {[%clk 0:11:50]} Rxf4
{[%clk 0:03:53]} 39. Rb6 {[%clk 0:09:02]} Rf2 {[%clk 0:03:52]} 40. g3
{[%clk 0:07:54]} Rxh2 {[%clk 0:03:29]} 41. Rxb5 {[%clk 0:08:21]} Kf6
{[%clk 0:03:03]} 42. e7 {[%clk 0:08:04]} Re2 {[%clk 0:03:31]} 43. Rb7
{[%clk 0:07:52]} Kf7 {[%clk 0:02:30]} 44. a4 {[%clk 0:06:26]} Re3+
{[%clk 0:02:55]} 45. Kb4 {[%clk 0:06:14]} Rxg3 {[%clk 0:03:20]} 46. a5
{[%clk 0:06:41]} Rg1 {[%clk 0:02:57]} 47. a6 {[%clk 0:06:57]} Rb1+
{[%clk 0:02:24]} 48. Kc5 {[%clk 0:06:39]} Rc1+ {[%clk 0:02:35]} 49. Kd5
{[%clk 0:05:51]} Rd1+ {[%clk 0:02:18]} 50. Ke4 {[%clk 0:05:50]} Re1+
{[%clk 0:02:26]} 51. Kf5 {[%clk 0:05:59]} Rf1+ {[%clk 0:02:40]} 52. Kxg5
{[%clk 0:06:20]} Rg1+ {[%clk 0:03:06]} 53. Kf4 {[%clk 0:06:46]} Rf1+
{[%clk 0:03:33]} 54. Ke3 {[%clk 0:07:09]} Re1+ {[%clk 0:03:41]} 55. Kd2
{[%clk 0:07:36]} 1-0

[Event "EYCC 2024 - G18"]
[Site "?"]
[Date "2024.08.26"]
[Round "4.4"]
[White "Skakun, Kateryna"]
[Black "Berezovsky, Fiorina"]
[Result "1-0"]
[BlackElo "1976"]
[WhiteElo "1854"]
[LiveChessVersion "1.4.8"]

1. e4 {[%clk 1:30:58]} c5 {[%clk 1:30:53]} 2. Nf3 {[%clk 1:31:21]} Nc6
{[%clk 1:31:18]} 3. d4 {[%clk 1:31:44]} cxd4 {[%clk 1:31:42]} 4. Nxd4
{[%clk 1:32:07]} e5 {[%clk 1:32:04]} 5. Nb5 {[%clk 1:32:04]} d6 {[%clk 1:32:22]}
6. N1c3 {[%clk 1:31:09]} a6 {[%clk 1:32:21]} 7. Na3 {[%clk 1:31:29]} b5
{[%clk 1:31:43]} 8. Nd5 {[%clk 1:31:28]} Nge7 {[%clk 1:32:07]} 9. Bg5
{[%clk 1:27:30]} f6 {[%clk 1:32:13]} 10. Qh5+ {[%clk 1:24:33]} g6
{[%clk 1:32:14]} 11. Nxf6+ {[%clk 1:23:44]} Kf7 {[%clk 1:32:38]} 12. Qh4
{[%clk 1:18:03]} h6 {[%clk 1:31:57]} 13. Nd5 {[%clk 1:01:04]} hxg5
{[%clk 1:27:03]} 14. Qxh8 {[%clk 1:00:47]} Nxd5 {[%clk 1:21:09]} 15. exd5
{[%clk 0:59:14]} Qa5+ {[%clk 1:21:06]} 16. c3 {[%clk 0:59:00]} Bg7
{[%clk 1:20:54]} 17. Qh7 {[%clk 0:58:03]} Bf5 {[%clk 1:16:45]} 18. dxc6
{[%clk 0:55:20]} Rh8 {[%clk 1:16:55]} 19. Qxh8 {[%clk 0:55:02]} Bxh8
{[%clk 1:17:20]} 20. Be2 {[%clk 0:51:31]} Be4 {[%clk 1:14:16]} 21. O-O
{[%clk 0:50:25]} Bxc6 {[%clk 1:11:53]} 22. Nc2 {[%clk 0:44:33]} d5
{[%clk 1:07:57]} 23. Rfd1 {[%clk 0:44:03]} Bb7 {[%clk 0:53:51]} 24. Bf3
{[%clk 0:41:34]} b4 {[%clk 0:46:46]} 25. Nxb4 {[%clk 0:40:13]} Kg7
{[%clk 0:32:58]} 26. Bxd5 {[%clk 0:39:29]} Bc8 {[%clk 0:32:04]} 27. Rd2
{[%clk 0:35:00]} Kh6 {[%clk 0:29:52]} 28. Be4 {[%clk 0:31:27]} Qb5
{[%clk 0:25:47]} 29. Rd8 {[%clk 0:21:42]} Be6 {[%clk 0:18:41]} 30. Rxh8+
{[%clk 0:20:54]} Kg7 {[%clk 0:19:07]} 31. Ra8 {[%clk 0:18:43]} a5
{[%clk 0:16:35]} 32. Bd3 {[%clk 0:14:07]} Qd7 {[%clk 0:16:06]} 33. Rxa5
{[%clk 0:13:55]} Bf5 {[%clk 0:12:38]} 34. Rd5 {[%clk 0:13:07]} Qe6
{[%clk 0:11:50]} 35. Bxf5 {[%clk 0:12:22]} Qxf5 {[%clk 0:11:58]} 36. Re1
{[%clk 0:12:15]} Qf4 {[%clk 0:11:07]} 37. Rdxe5 {[%clk 0:12:23]} Qd2
{[%clk 0:11:09]} 38. R5e2 {[%clk 0:12:38]} 1-0

[Event "EYCC 2024 - G18"]
[Site "?"]
[Date "2024.08.26"]
[Round "4.5"]
[White "Sereda, Yaroslava"]
[Black "Bruntse, Caroline Lindegaard"]
[Result "1-0"]
[BlackElo "1775"]
[WhiteElo "1972"]
[LiveChessVersion "1.4.8"]

1. e4 {[%clk 1:30:58]} e5 {[%clk 1:30:53]} 2. Nf3 {[%clk 1:31:20]} Nc6
{[%clk 1:31:17]} 3. Bb5 {[%clk 1:31:40]} Nf6 {[%clk 1:31:37]} 4. d3
{[%clk 1:31:48]} d6 {[%clk 1:31:36]} 5. O-O {[%clk 1:31:50]} h6 {[%clk 1:31:42]}
6. c3 {[%clk 1:29:47]} Be7 {[%clk 1:31:17]} 7. Re1 {[%clk 1:27:11]} O-O
{[%clk 1:31:06]} 8. h3 {[%clk 1:25:22]} Re8 {[%clk 1:25:14]} 9. Nbd2
{[%clk 1:20:06]} Bf8 {[%clk 1:23:51]} 10. d4 {[%clk 1:16:31]} exd4
{[%clk 1:22:03]} 11. cxd4 {[%clk 1:11:07]} a6 {[%clk 1:11:31]} 12. Bd3
{[%clk 1:02:05]} b5 {[%clk 1:04:18]} 13. Nf1 {[%clk 1:00:52]} Bb7
{[%clk 1:02:42]} 14. Ng3 {[%clk 1:00:05]} Qd7 {[%clk 0:58:34]} 15. a3
{[%clk 0:52:22]} Rad8 {[%clk 0:57:12]} 16. Qc2 {[%clk 0:51:16]} Qc8
{[%clk 0:54:41]} 17. b4 {[%clk 0:47:54]} Ba8 {[%clk 0:39:45]} 18. Bb2
{[%clk 0:46:14]} Qb7 {[%clk 0:38:25]} 19. Rac1 {[%clk 0:45:03]} Rd7
{[%clk 0:31:04]} 20. e5 {[%clk 0:35:25]} dxe5 {[%clk 0:30:33]} 21. dxe5
{[%clk 0:35:34]} Nd5 {[%clk 0:30:03]} 22. Bf5 {[%clk 0:34:21]} Rde7
{[%clk 0:18:47]} 23. Be4 {[%clk 0:28:16]} Rd7 {[%clk 0:16:57]} 24. Red1
{[%clk 0:24:38]} Red8 {[%clk 0:17:05]} 25. Qb3 {[%clk 0:21:47]} Nde7
{[%clk 0:16:56]} 26. Rxd7 {[%clk 0:21:43]} Rxd7 {[%clk 0:17:13]} 27. e6
{[%clk 0:21:15]} Rd8 {[%clk 0:15:16]} 28. Ne5 {[%clk 0:12:26]} Qb6
{[%clk 0:12:31]} 29. Nxf7 {[%clk 0:07:46]} Rd2 {[%clk 0:05:39]} 30. Qf3
{[%clk 0:05:39]} Nd4 {[%clk 0:01:35]} 31. Nxh6+ {[%clk 0:05:34]} 1-0

[Event "EYCC 2024 - G18"]
[Site "?"]
[Date "2024.08.26"]
[Round "4.6"]
[White "Buri, Petra Zsuzsanna"]
[Black "Zito, Enrica"]
[Result "1/2-1/2"]
[BlackElo "2108"]
[WhiteElo "1946"]
[LiveChessVersion "1.4.8"]

1. e4 {[%clk 1:30:56]} c5 {[%clk 1:30:57]} 2. Nc3 {[%clk 1:31:16]} e6
{[%clk 1:31:23]} 3. Nge2 {[%clk 1:31:14]} Nc6 {[%clk 1:31:48]} 4. d4
{[%clk 1:30:43]} cxd4 {[%clk 1:32:13]} 5. Nxd4 {[%clk 1:31:05]} Qc7
{[%clk 1:32:36]} 6. g3 {[%clk 1:30:04]} a6 {[%clk 1:32:38]} 7. Bg2
{[%clk 1:29:04]} Nf6 {[%clk 1:33:03]} 8. O-O {[%clk 1:27:48]} Nxd4
{[%clk 1:33:26]} 9. Qxd4 {[%clk 1:28:10]} Bc5 {[%clk 1:33:50]} 10. Qd3
{[%clk 1:23:21]} Ng4 {[%clk 1:26:18]} 11. Qe2 {[%clk 1:13:47]} h5
{[%clk 1:25:00]} 12. Bf4 {[%clk 1:09:42]} Ne5 {[%clk 1:17:25]} 13. Na4
{[%clk 0:58:20]} Ba7 {[%clk 1:16:14]} 14. Be3 {[%clk 0:56:29]} b5
{[%clk 1:11:00]} 15. Bxa7 {[%clk 0:51:49]} Qxa7 {[%clk 1:09:54]} 16. Nc3
{[%clk 0:51:58]} Bb7 {[%clk 1:03:55]} 17. Nd1 {[%clk 0:42:25]} Rc8
{[%clk 0:56:55]} 18. c3 {[%clk 0:39:44]} Qc5 {[%clk 0:54:12]} 19. Ne3
{[%clk 0:35:28]} h4 {[%clk 0:47:30]} 20. Rad1 {[%clk 0:27:12]} Bc6
{[%clk 0:38:38]} 21. Ng4 {[%clk 0:23:02]} Ng6 {[%clk 0:37:31]} 22. Ne3
{[%clk 0:20:03]} hxg3 {[%clk 0:36:49]} 23. hxg3 {[%clk 0:18:19]} Qg5
{[%clk 0:36:08]} 24. Ng4 {[%clk 0:12:17]} Qh5 {[%clk 0:35:26]} 25. f3
{[%clk 0:10:26]} Ne5 {[%clk 0:30:12]} 26. Nxe5 {[%clk 0:09:59]} Qxe5
{[%clk 0:30:37]} 27. f4 {[%clk 0:09:34]} Qc5+ {[%clk 0:25:19]} 28. Qf2
{[%clk 0:09:39]} Qxf2+ {[%clk 0:23:01]} 29. Rxf2 {[%clk 0:09:02]} Ke7
{[%clk 0:22:06]} 30. Rfd2 {[%clk 0:08:43]} g5 {[%clk 0:19:14]} 31. e5
{[%clk 0:08:16]} Rc7 {[%clk 0:19:06]} 32. Bxc6 {[%clk 0:08:22]} dxc6
{[%clk 0:19:30]} 33. Kg2 {[%clk 0:08:14]} a5 {[%clk 0:18:13]} 34. a3
{[%clk 0:08:08]} gxf4 {[%clk 0:16:29]} 35. gxf4 {[%clk 0:08:32]} Rb8
{[%clk 0:15:30]} 36. Kf3 {[%clk 0:08:19]} b4 {[%clk 0:15:00]} 37. axb4
{[%clk 0:07:30]} axb4 {[%clk 0:15:24]} 38. c4 {[%clk 0:06:39]} b3
{[%clk 0:11:18]} 39. Rd3 {[%clk 0:05:48]} Rb4 {[%clk 0:10:28]} 40. Rc1
{[%clk 0:05:25]} Ra7 {[%clk 0:09:19]} 41. Rcc3 {[%clk 0:05:10]} Raa4
{[%clk 0:09:23]} 42. Rxb3 {[%clk 0:05:07]} Rxc4 {[%clk 0:09:36]} 43. Rb7+
{[%clk 0:05:21]} Kf8 {[%clk 0:10:02]} 44. Rdd7 {[%clk 0:04:41]} Rxf4+
{[%clk 0:10:24]} 45. Kg3 {[%clk 0:04:56]} Rf5 {[%clk 0:10:04]} 46. Rdc7
{[%clk 0:04:24]} Rc4 {[%clk 0:10:23]} 47. Rb6 {[%clk 0:04:25]} c5
{[%clk 0:10:42]} 48. Rbb7 {[%clk 0:04:33]} Kg7 {[%clk 0:10:40]} 49. Re7
{[%clk 0:03:32]} Kg6 {[%clk 0:11:01]} 50. Rec7 {[%clk 0:02:58]} Rc1
{[%clk 0:10:07]} 51. Kg2 {[%clk 0:02:02]} Rc2+ {[%clk 0:09:54]} 52. Kg3
{[%clk 0:02:13]} c4 {[%clk 0:06:33]} 53. Rc5 {[%clk 0:02:19]} Rc1
{[%clk 0:06:41]} 54. Kg2 {[%clk 0:02:17]} f6 {[%clk 0:05:31]} 55. Rbb5
{[%clk 0:01:59]} fxe5 {[%clk 0:04:27]} 56. Rxe5 {[%clk 0:01:47]} Rc2+
{[%clk 0:04:48]} 57. Kg3 {[%clk 0:02:05]} Rxe5 {[%clk 0:04:07]} 58. Rxe5
{[%clk 0:02:30]} Kf6 {[%clk 0:04:32]} 59. Rc5 {[%clk 0:02:21]} e5
{[%clk 0:04:44]} 60. Kf3 {[%clk 0:02:41]} Kf5 {[%clk 0:04:23]} 61. Ke3
{[%clk 0:02:45]} Rxb2 {[%clk 0:04:04]} 62. Rxc4 {[%clk 0:03:08]} Rb3+
{[%clk 0:04:23]} 63. Ke2 {[%clk 0:03:09]} Rh3 {[%clk 0:03:33]} 64. Ra4
{[%clk 0:03:17]} e4 {[%clk 0:03:38]} 65. Ra8 {[%clk 0:03:25]} Rh6
{[%clk 0:02:32]} 66. Rf8+ {[%clk 0:02:23]} Ke5 {[%clk 0:02:55]} 67. Re8+
{[%clk 0:02:43]} Re6 {[%clk 0:03:19]} 68. Rxe6+ {[%clk 0:03:07]} Kxe6
{[%clk 0:03:47]} 69. Ke3 {[%clk 0:03:30]} Ke5 {[%clk 0:04:15]} 70. Ke2
{[%clk 0:03:46]} Kd4 {[%clk 0:04:42]} 71. Kd2 {[%clk 0:03:55]} e3+
{[%clk 0:05:05]} 72. Ke2 {[%clk 0:04:18]} Ke4 {[%clk 0:05:32]} 73. Ke1
{[%clk 0:04:29]} Kf4 {[%clk 0:05:42]} 74. Ke2 {[%clk 0:04:51]} Ke4
{[%clk 0:06:09]} 75. Ke1 {[%clk 0:05:16]} Kd3 {[%clk 0:06:33]} 76. Kd1
{[%clk 0:05:39]} Kc4 {[%clk 0:06:57]} 77. Ke2 {[%clk 0:06:01]} Kd4
{[%clk 0:07:21]} 78. Ke1 {[%clk 0:06:20]} 1/2-1/2

[Event "EYCC 2024 - G18"]
[Site "?"]
[Date "2024.08.26"]
[Round "4.7"]
[White "Sevcikova, Lucia"]
[Black "Chuchukova, Stefani"]
[Result "1-0"]
[BlackElo "1858"]
[WhiteElo "2103"]
[LiveChessVersion "1.4.8"]

1. d4 {[%clk 1:30:57]} Nf6 {[%clk 1:30:52]} 2. c4 {[%clk 1:31:22]} e6
{[%clk 1:31:13]} 3. Nc3 {[%clk 1:30:53]} Bb4 {[%clk 1:31:35]} 4. Nf3
{[%clk 1:31:17]} O-O {[%clk 1:31:04]} 5. Bg5 {[%clk 1:29:19]} d5 {[%clk 1:29:24]}
6. e3 {[%clk 1:26:28]} h6 {[%clk 1:28:43]} 7. Bh4 {[%clk 1:21:06]} Nbd7
{[%clk 1:27:15]} 8. cxd5 {[%clk 1:20:08]} exd5 {[%clk 1:27:37]} 9. Bd3
{[%clk 1:20:19]} c6 {[%clk 1:23:14]} 10. O-O {[%clk 1:19:16]} Re8
{[%clk 1:20:49]} 11. Qc2 {[%clk 1:14:17]} Be7 {[%clk 1:19:41]} 12. Bg3
{[%clk 1:09:46]} Nf8 {[%clk 1:19:08]} 13. h3 {[%clk 1:09:17]} Ne6
{[%clk 1:10:59]} 14. Rab1 {[%clk 1:02:30]} a5 {[%clk 1:10:40]} 15. Na4
{[%clk 0:58:07]} b5 {[%clk 1:05:27]} 16. Nc3 {[%clk 0:53:07]} Qb6
{[%clk 0:57:21]} 17. Ne5 {[%clk 0:50:01]} Ba6 {[%clk 0:57:12]} 18. Rfd1
{[%clk 0:41:12]} Rec8 {[%clk 0:48:54]} 19. Bf5 {[%clk 0:38:51]} c5
{[%clk 0:47:17]} 20. Nxd5 {[%clk 0:32:26]} Nxd5 {[%clk 0:46:53]} 21. Bh7+
{[%clk 0:32:51]} Kf8 {[%clk 0:46:34]} 22. Nd7+ {[%clk 0:33:16]} Ke8
{[%clk 0:46:57]} 23. Nxb6 {[%clk 0:33:42]} Nxb6 {[%clk 0:47:01]} 24. d5
{[%clk 0:33:28]} Nf8 {[%clk 0:45:07]} 25. Bf5 {[%clk 0:33:19]} Nfd7
{[%clk 0:45:01]} 26. e4 {[%clk 0:29:27]} g6 {[%clk 0:44:25]} 27. Bxd7+
{[%clk 0:29:37]} Nxd7 {[%clk 0:44:43]} 28. e5 {[%clk 0:29:54]} c4
{[%clk 0:44:47]} 29. d6 {[%clk 0:30:08]} Bd8 {[%clk 0:45:04]} 30. e6
{[%clk 0:30:13]} fxe6 {[%clk 0:45:10]} 31. Qxg6+ {[%clk 0:30:38]} Kf8
{[%clk 0:45:32]} 32. Bf4 {[%clk 0:30:42]} Bg5 {[%clk 0:45:38]} 33. Bxg5
{[%clk 0:30:55]} hxg5 {[%clk 0:46:02]} 34. Qxg5 {[%clk 0:31:17]} Ra7
{[%clk 0:45:41]} 35. Qe7+ {[%clk 0:31:31]} Kg8 {[%clk 0:46:03]} 36. Rd4
{[%clk 0:31:48]} 1-0

[Event "EYCC 2024 - G18"]
[Site "?"]
[Date "2024.08.26"]
[Round "4.8"]
[White "Verheij, Dana"]
[Black "Ter-Avetisjana, Agnesa Stepania"]
[Result "0-1"]
[BlackElo "2089"]
[WhiteElo "1941"]
[LiveChessVersion "1.4.8"]

1. e4 {[%clk 1:30:57]} c6 {[%clk 1:30:00]} 2. Nf3 {[%clk 1:31:22]} d5
{[%clk 1:30:22]} 3. d3 {[%clk 1:31:49]} Qc7 {[%clk 1:30:33]} 4. Nc3
{[%clk 1:31:51]} dxe4 {[%clk 1:30:22]} 5. dxe4 {[%clk 1:32:16]} e5
{[%clk 1:30:23]} 6. Bc4 {[%clk 1:32:21]} h6 {[%clk 1:27:31]} 7. Be3
{[%clk 1:28:55]} Nf6 {[%clk 1:25:59]} 8. h3 {[%clk 1:28:10]} Bb4 {[%clk 1:25:13]}
9. Qd3 {[%clk 1:18:43]} O-O {[%clk 1:22:01]} 10. O-O {[%clk 1:11:39]} b5
{[%clk 1:09:18]} 11. Bb3 {[%clk 1:09:05]} Rd8 {[%clk 1:02:53]} 12. Qe2
{[%clk 1:09:25]} a5 {[%clk 0:47:47]} 13. a4 {[%clk 1:07:01]} Bxc3
{[%clk 0:47:48]} 14. bxc3 {[%clk 1:07:29]} Ba6 {[%clk 0:47:56]} 15. c4
{[%clk 0:55:07]} b4 {[%clk 0:47:15]} 16. Nd2 {[%clk 0:46:25]} c5 {[%clk 0:43:28]}
17. f4 {[%clk 0:43:44]} Nc6 {[%clk 0:37:17]} 18. fxe5 {[%clk 0:35:41]} Qxe5
{[%clk 0:37:12]} 19. Qf2 {[%clk 0:33:30]} Nd4 {[%clk 0:32:07]} 20. Bf4
{[%clk 0:28:33]} Qxf4 {[%clk 0:32:11]} 21. Qxf4 {[%clk 0:24:48]} Ne2+
{[%clk 0:32:34]} 22. Kh2 {[%clk 0:25:16]} Nxf4 {[%clk 0:32:54]} 23. Rxf4
{[%clk 0:24:34]} Rxd2 {[%clk 0:33:18]} 24. Raf1 {[%clk 0:24:53]} Re8
{[%clk 0:32:16]} 25. Rf5 {[%clk 0:24:50]} Rxe4 {[%clk 0:32:37]} 26. Rxc5
{[%clk 0:22:32]} Ree2 {[%clk 0:33:01]} 0-1